|
|
|
|
| LEADER |
00000cam a2200000 a 4500 |
| 001 |
vtls010030464 |
| 003 |
SK-MaSNL |
| 005 |
20260301083405.0 |
| 008 |
240314s2009 xo a g 000 0 slo |
| 015 |
|
|
|a SNBA2010/03-01321
|
| 020 |
|
|
|a 9788097026967
|q (brož.)
|
| 035 |
|
|
|a 28EB37CE-F8ED-4271-AA7D-897D2DD0CF7A
|
| 035 |
|
|
|a urn:nbn:sk:snk-amk9mm
|
| 035 |
|
|
|a urn:nbn:sk:snk-am003w7q
|
| 040 |
|
|
|a SNK
|b slo
|c SNK
|e AACR2
|
| 041 |
0 |
|
|a slo
|
| 044 |
|
|
|a xo
|c SK
|
| 072 |
|
7 |
|a 27-5
|x Kresťanské umenie a symbolika. Duchovný život
|2 konspekt
|
| 080 |
|
|
|a 27-55
|2 2001
|
| 080 |
|
|
|a 27-47
|2 2001
|
| 080 |
|
|
|a (035)
|2 2001
|
| 080 |
|
|
|a 27-184.3
|2 2001
|
| 080 |
|
|
|a 316.346.32-053.2
|2 2001
|
| 100 |
1 |
|
|a Majtán, Ľubomír
|4 aut
|9 342021
|
| 245 |
1 |
0 |
|a Sviatosti a deti
|b (katechetický materiál)
|c Ľubomír Majtán
|
| 260 |
|
|
|a Žilina
|b Rímskokatolícka cirkev, Žilinská diecéza
|c 2009
|
| 300 |
|
|
|a 30 s.
|b ilustr.
|c 21 cm
|
| 650 |
0 |
7 |
|a sviatosti
|2 SNKPH
|9 755
|
| 650 |
0 |
7 |
|a kresťanská viera
|2 SNKPH
|9 1712
|
| 650 |
0 |
7 |
|a katechéza
|2 SNKPH
|9 4064
|
| 650 |
0 |
7 |
|a Sacraments
|2 SNKPHeng
|9 277814
|
| 650 |
0 |
7 |
|a Christian faith
|2 SNKPH
|9 266204
|
| 650 |
0 |
7 |
|a Catechesis
|2 SNKPHeng
|9 315773
|
| 650 |
0 |
7 |
|a deti
|2 SNKPH
|9 773
|
| 650 |
0 |
7 |
|a Children
|2 SNKPHeng
|9 274282
|
| 655 |
|
7 |
|a príručky
|2 SNKPH
|9 74364
|
| 655 |
|
7 |
|a Handbooks, manuals, etc.
|2 SNKPHeng
|9 90964
|
| 852 |
|
|
|a Štátna vedecká knižnica v Banskej Bystrici
|
| 919 |
|
|
|a 978-80-970269-6-7
|
| 958 |
|
|
|a NT
|
| 958 |
|
|
|a OND
|
| 968 |
|
|
|d 2
|
| 999 |
|
|
|c 660403
|d 662333
|
| 952 |
|
|
|a SNK
|b SNK
|y PREZ
|7 0
|p 17A0645395
|o snkSC 138910
|i snk2010/2641
|8 0
|0 0
|1 0
|4 0
|d 2010-02-10
|f 1
|l 0
|r 2017-06-30 00:00:00
|w 2026-02-23
|
| 952 |
|
|
|a SNK
|b SNK
|y VYP
|7 0
|p 17A0645396
|o snkSC 138910 D1
|i snk2010/2642
|8 0
|0 0
|1 0
|4 0
|d 2010-02-10
|l 0
|r 2026-02-23 18:51:49
|w 2026-02-23
|